000 00377nam a2200133Ia 4500
008 231129s1990||||xx |||||||||||||| ||spa||
040 _bspa
082 _a801 N397t
100 _aNeira Fernandez Carmenza
245 0 _aTeorí­a literaria
260 _c1990
264 _aBogotá Colombia : Universidad Santo Tomás. Centro de Enseñanza Desescolarizada
942 _2ddc
_cBKS
999 _c25233
_d25233